Responses for Show #6338 - Wednesday, March 21, 2012

Contestants

[<< previous game]

Greg Bentley, a law clerk from Pikeville, Kentucky

Cathy Guiles, a copy editor originally from Baltimore, Maryland

Melanie Spratford, a caterer from Chicago, Illinois (whose 1-day cash winnings total $19,201)

[next game >>]

Jeopardy! Round responses

FLIGHT
A BLANK EXPRESSION
HOME ICE
(Alex: We want you to name the NHL team or the city that has home ice.)
SIR WALTER SCOTT
NATURAL SELECTION
GOD DID IT!
    $200 1
flight plan

Cathy
    $200 16
I conquered

Greg
    $200 6
the (New York) Rangers

Greg
    $200 26
Edinburgh

Cathy
    $200 21
fish

Cathy
    $200 11
brimstone

Greg
    $400 2
flight of fancy

Cathy
    $400 17
show

Greg
    $400 7
the Pittsburgh Penguins

Greg
    $400 27
Robin Hood

Triple Stumper
    $400 22
blueberries

Triple Stumper
    $400 12
(Greg: Who is Abraham?)

Noah

CathyGreg
    $600 3
the Flying Circus

Triple Stumper
    $600 18
women

Greg
    $600 8
(Greg: Who are the St. Louis Blues?)

the Detroit Red Wings

CathyGreg
    $600 28
Washington Irving

Triple Stumper
    $600 23
bamboo

Greg
    $600 13
his shoes

Cathy
    $800 4
fight-or-flight

Cathy
    $800 19
willing

Melanie
    $800 9
(Greg: Who are the Montreal Canadiens?)

the Calgary Flames

Greg
Triple Stumper
    $800 30
pseudonyms

Cathy
    $800 24
dogs

Cathy
    $800 14
the rib

Greg
    $1000 5
thrust

Triple Stumper
    $1000 20
sweat

Cathy
    $1000 10
the Boston Bruins

Greg
    $1000 29
Sir Walter Raleigh & Queen Elizabeth I

Greg
    $1000 25
Naked

Melanie
    $1,000 15
Egypt

Greg

Scores at the first commercial break (after clue 15):

Melanie Cathy Greg
$0 $3,000 $1,800

Scores at the end of the Jeopardy! Round:

Melanie Cathy Greg
$1,800 $6,000 $4,600

Double Jeopardy! Round responses

THIS PLACE IS DUELSVILLE
BALLET
PLAYING FOR CHANGE
HEY HEY HEY, IT'S PHAT ALBERT!
DOUBLE "L"
PUBLISHER, PAIR-ISH
    $400 8
Vienna

Cathy
    $400 6
The Nutcracker

Melanie
    $400 18
"We Are The World"

Greg
    $400 23
Monaco

Cathy
    $400 1
paintball

Melanie
    $400 9
Schuster

Greg
    $800 10
London

Cathy
    $800 7
(John Philip) Sousa

Greg
    $800 19
Farm Aid

Melanie
    $800 24
Speaker of the House

Cathy
    $800 2
bluebells

Melanie
    $800 14
Brown

Melanie
    $1200 11
[ERRATUM: [*] was founded in 1703 and Pushkin died in 1837, a span of 134 years.]

Saint Petersburg

Triple Stumper
    $400 27
(Alex: Greg?)
(Greg: I don't know.)

The Firebird

Greg
    $1200 20
Amnesty International

Melanie
    $1200 25
(Albert) Sabin

Greg
    $1200 3
a polliwog

Triple Stumper
    $1200 15
Bantam Books

Triple Stumper
    $1600 12
Reykjavik

Triple Stumper
    $1600 30
Pavlova

Greg
    $1600 21
the Vote

Cathy
    $5,000 26
(Albert) Schweitzer

Greg
    $1600 4
logrolling

Triple Stumper
    $1600 16
Hall

Cathy
    $2000 13
Stalingrad

Triple Stumper
    $2000 29
Leonard Bernstein

Triple Stumper
    $2000 22
Cambodia

Cathy
    $2000 28
Albert Camus

Cathy
    $2000 5
(Cathy: What is Wellington?)

Cornwall

Cathy
Triple Stumper
    $2000 17
Dunlap

Triple Stumper

Scores at the end of the Double Jeopardy! Round:

Melanie Cathy Greg
$6,200 $13,600 $13,600

[wagering suggestions for these scores]

Final Jeopardy! Round responses

FAMOUS NAMES
MelanieWho is Mailer?
$0
CathyWho is Salinger?
$1,000
GregWho was Warhol?
$13,600
J.D. Salinger

Final scores:

Melanie Cathy Greg
$6,200 $14,600 $0
2nd place: $2,000 New champion: $14,600 3rd place: $1,000

Game dynamics:

Coryat scores:

Melanie Cathy Greg
$6,200 $13,600 $10,600
8 R,
0 W
19 R,
1 W
17 R
(including 2 DDs),
4 W
(including 1 DD)

Combined Coryat: $30,400

[game clues] [game scores] [suggest correction]

Game tape date: 2011-12-06
The J! Archive is created by fans, for fans. Scraping, republication, monetization, and malicious use prohibited; this site may use cookies and collect identifying information. See terms. The Jeopardy! game show and all elements thereof, including but not limited to copyright and trademark thereto, are the property of Jeopardy Productions, Inc. and are protected under law. This website is not affiliated with, sponsored by, or operated by Jeopardy Productions, Inc. Join the discussion at JBoard.tv.